| 000 | 00688nam a22001817a 4500 | ||
|---|---|---|---|
| 003 | UA-OsUOA | ||
| 001 | 6455 | ||
| 007 | ta | ||
| 008 | 20040511b un ||||| |||| 00| 0 ukr d | ||
| 100 | _aЦалик С. Селігей П. | ||
| 942 | _cSA | ||
| 040 |
_aUA-OsUOA _cUA-OsUOA _dUA-OsUOA |
||
| 245 |
_a" Кундзіча можна знищити безперешкодно ..." : 100 - річчя з дня народження відомого письменника Олексія Кундзіча _cС., Селігей П. Цалик С. |
||
| 300 | _aС.7 | ||
| 955 | _a0 | ||
| 773 | 0 |
_w0 _tЛітературна Украіна _dКиїв _d2004 _g№17 |
|
| 650 | 7 |
_aКундзіч О. _2UDC |
|
| 999 |
_c292616 _d292616 |
||